Ester - eine Gewaltgeschichte : Die Gewaltdarstellungen in der Hebräischen und Griechischen Esterüberlieferung.

In der Reihe Beihefte zur Zeitschrift für die alttestamentliche Wissenschaft (BZAW) erscheinen Arbeiten zu sämtlichen Gebieten der alttestamentlichen Wissenschaft. Im Zentrum steht die Hebräische Bibel, ihr Vor- und Nachleben im antiken Judentum sowie ihre vielfache Verzweigung in die benachbarte...

Full description

Bibliographic Details
Main Author: Bezold, Helge.
Format: eBook
Language:German
Published: Berlin/Boston : Walter de Gruyter GmbH, 2022.
Edition:1st ed.
Series:Beihefte Zur Zeitschrift Für Die Alttestamentliche Wissenschaft Series
Subjects:
Online Access:Click to View
LEADER 01981nam a22003613i 4500
001 EBC30393733
003 MiAaPQ
005 20231204023230.0
006 m o d |
007 cr cnu||||||||
008 231204s2022 xx o ||||0 ger d
020 |a 9783110792263  |q (electronic bk.) 
035 |a (MiAaPQ)EBC30393733 
035 |a (Au-PeEL)EBL30393733 
040 |a MiAaPQ  |b eng  |e rda  |e pn  |c MiAaPQ  |d MiAaPQ 
100 1 |a Bezold, Helge. 
245 1 0 |a Ester - eine Gewaltgeschichte :  |b Die Gewaltdarstellungen in der Hebräischen und Griechischen Esterüberlieferung. 
250 |a 1st ed. 
264 1 |a Berlin/Boston :  |b Walter de Gruyter GmbH,  |c 2022. 
264 4 |c {copy}2023. 
300 |a 1 online resource (0 pages) 
336 |a text  |b txt  |2 rdacontent 
337 |a computer  |b c  |2 rdamedia 
338 |a online resource  |b cr  |2 rdacarrier 
490 1 |a Beihefte Zur Zeitschrift Für Die Alttestamentliche Wissenschaft Series ;  |v v.545 
520 |a In der Reihe Beihefte zur Zeitschrift für die alttestamentliche Wissenschaft (BZAW) erscheinen Arbeiten zu sämtlichen Gebieten der alttestamentlichen Wissenschaft. Im Zentrum steht die Hebräische Bibel, ihr Vor- und Nachleben im antiken Judentum sowie ihre vielfache Verzweigung in die benachbarten Kulturen der altorientalischen und hellenistisch-römischen Welt. 
588 |a Description based on publisher supplied metadata and other sources. 
590 |a Electronic reproduction. Ann Arbor, Michigan : ProQuest Ebook Central, 2023. Available via World Wide Web. Access may be limited to ProQuest Ebook Central affiliated libraries.  
655 4 |a Electronic books. 
776 0 8 |i Print version:  |a Bezold, Helge  |t Ester - eine Gewaltgeschichte  |d Berlin/Boston : Walter de Gruyter GmbH,c2022 
797 2 |a ProQuest (Firm) 
830 0 |a Beihefte Zur Zeitschrift Für Die Alttestamentliche Wissenschaft Series 
856 4 0 |u https://ebookcentral.proquest.com/lib/matrademy/detail.action?docID=30393733  |z Click to View